Supercook's home baker (Record no. 30076)

MARC details
000 -LEADER
fixed length control field 00263nam a2200109Ia 4500
082 ## - DEWEY DECIMAL CLASSIFICATION NUMBER
Classification number 641.8
Item number DEU
100 ## - MAIN ENTRY--AUTHOR NAME
Personal name Deutch, Yvonne
245 #0 - TITLE STATEMENT
Title Supercook's home baker
260 ## - PUBLICATION, DISTRIBUTION, ETC. (IMPRINT)
Place of publication London
Name of publisher Marshall
Year of publication 1972
942 ## - ADDED ENTRY ELEMENTS (KOHA)
Koha item type Books
Holdings
Withdrawn status Lost status Damaged status Not for loan Home library Current library Date acquired Cost, normal purchase price Full call number Accession Number Koha item type
        RRII Library RRII Library 16/12/2021 1.75 641.8 DEU 10654 Books